1966 1238 1267 1146 1847 1811 1448 1880 1132 1738 1280 1472 1543 1378 1041 1106 1583 1824 1103 1183 1855 1108 1593 1805 1404 1190 1692 1332 1630 1069 1993 1679 1521 1426 1473 1575 1603 1630 1671 1922 1978 1759 1775 1904 1801 1075 1149 1369 1258 1294 1404 1058 1552 1203 1123 1297 1236 1770 1146 1416 1646 1741 1247 1465 1906 1235 1629 1316 1982 1403 1644 1206 1757 1892 1650 1850 1800 1091 1702 1552 1317 1917 1081 1126 1753 1168 1230 1277 1352 1890 1477 1298 1330 1324 1948 1639 1664 1209 1788 BCNSPRNW ULIB Ver.6.0+V

เปลี่ยนเป็นภาษาไทย

Change to English
 แสดงรายละเอียดบรรณานุกรม
  กลับหน้าหลัก

Brief Record : Get Marc (ISO 2709) : E-mail record : QR code < ปิดหน้าต่าง
LEADER : 00000nam 2200000uu 4500
001    13399113181
003     ULIB
008    110930s2552||||th 000 0 tha d
020    9789749749937
050 04 QA76.5^bณ342ค 2552
100 0  ณัฐภูมิ โอภาภิบาล
245 10 คู่มือเลือกซื้อและใช้ Notebook อย่างมืออาชีพ /^cณัฐภูมิ โอภาภิบาล
250    พิมพ์ครั้งที่ 1
260    กรุงเทพฯ :^bไอดีซี อินโฟ ดิสทริบิวเตอร์ เซ็นเตอร์,^c2552
300    xxii, 500 หน้า :^bภาพประกอบ ;^c23 ซม. +^eซีดี-รอม 1 แผ่น (4 3/4 นิ้ว)
505 2  รู้จักโน้ตบุ๊ค -- อุปกรณ์ของโน้ตบุ๊ค -- เข้าใจแพลตฟอร์มของโน้ตบุ๊ค -- ซีพียู-- ชิปเซตและแรม -- ชิปกราฟิก -- ชิปแลนไร้สาย -- ฮาร์ดดิสก์และไดรว์ CD/DVD -- แบตเตอรี่ของโน้ตบุ๊ค -- อุปกรณ์เสริมน่าใช้งาน -- ยี่ห้อและรุ่นของโน้ตบุ๊คชั้นนำ -- เตรียมตัวก่อนซื้อโน้ตบุ๊ค -- ตรวจสอบเครื่อง -- เริ่มใช้คีย์บอร์ดและทัชแพ็ด -- สร้างแผ่นกู้ระบบ -- ล้างเครื่องลง Windows ด้วยตัวเอง -- จัดการพลังงานของโน้ตบุ๊ค -- เชื่อมต่ออินเทอร์เน็ต-- เชื่อมต่ออุปกรณ์อื่น -- โปรแกรมที่แถมมากับโน้ตบุ๊ค -- ดูแลรักษาโน้ตบุ๊ค -- แก้ปัญหาโน้ตบุ๊คเบื้องต้น -- รวมสเปคโน้ตบุ๊ค
650  7 โน้ตบุ๊คคอมพิวเตอร์
945    ^p219^l0^i027339
995    ทศพร
999 ^a ศิริพร
รายการนี้ยังไม่มีแท็ก
คุณยังไม่ได้ล็อกอิน คุณสามารถมีกิจกรรมร่วมกับเว็บไซต์ได้ แต่ต้องล็อกอินก่อน ::
  ล็อกอิน

รายการสื่อสารสนเทศ

ลำดับที่ ประเภท เลขเรียก/บาร์โค้ด สถานที่ สถานะ
- ไม่พบข้อมูล -

รายการใกล้เคียง
    ผู้แต่ง [ณัฐภูมิ โอภาภิบาล]

BibComment


ยังไม่เคยถูกคอมเมนท์

คอมเมนท์ทรัพยากรรายการนี้
  คอมเมนท์: คู่มือเลือกซื้อแล..


 Copyright 2026. Bcnsprnw @Library